| 000 | 00743nam a22002657a 4500 | ||
|---|---|---|---|
| 003 | CHAP | ||
| 005 | 20220817042725.0 | ||
| 008 | 971013s1939 r 00010 d | ||
| 010 | _a53528 | ||
| 011 | _a54500 | ||
| 035 | _a58651 | ||
| 040 | _cCHAP | ||
| 082 |
_a630 _bW4 |
||
| 100 | 0 | 0 |
_aWery, G. _9121506 |
| 245 | _aAgenda aide-memoire agricole et viticole fevilles de comtabilite | ||
| 260 |
_aParis : _bLebrairie J-B. Bailliere & Fils, _c1939 |
||
| 300 | _a(430) p. | ||
| 590 |
_aBATCH-UPD _b10 _c20130110 _lUCH01 _h0635 |
||
| 590 |
_aCONVERSION _b10 _c20130109 _lUCH01 _h1329 |
||
| 650 | 1 | 4 |
_aAgricultura. _91172 |
| 650 | 1 | 4 | _aViticultura. |
| 901 | _aBK | ||
| 942 | _cLIBRO | ||
| 949 |
_a630 W4 _bBC _cBPP _d-127219 _eBPP _h73464 _i58651 _si |
||
| 999 |
_c53528 _d53528 |
||